Statistics for All Countries that Beat the United States

Click here to take the quiz!

General Stats

  • This quiz has been taken 761 times
  • The average score is 53 of 90

Answer Stats

QuestionTileSelect% Correct
are more populated:ChinaYes
98%
are more populated:D.R. CongoNo
96%
are more populated:EthiopiaNo
96%
are more populated:IndiaYes
96%
are more populated:MexicoNo
96%
have more Spanish speakers:MexicoYes
89%
are more populated:NigeriaNo
89%
are more populated:PakistanNo
89%
are more populated:BrazilNo
87%
won more Olympic medals in alpine skiing:South KoreaNo
85%
are more populated:IndonesiaNo
83%
won more Olympic medals in alpine skiing:ChinaNo
81%
have more Spanish speakers:CubaNo
81%
have more international tourists:AustraliaNo
80%
have more international tourists:FranceYes
78%
feature more movies:NigerNo
78%
won more Olympic medals in alpine skiing:DenmarkNo
77%
have more international tourists:TurkeyNo
77%
have more cathedrals:IndiaNo
76%
have more Spanish speakers:BoliviaNo
75%
feature more movies:IndonesiaNo
75%
have more cathedrals:ColombiaNo
74%
have more wolves:RussiaYes
74%
feature more movies:GermanyNo
73%
have more wolves:PolandNo
73%
have more wolves:TurkeyNo
73%
have more Spanish speakers:ChileNo
72%
have more international tourists:GermanyNo
71%
feature more movies:FranceNo
70%
have more wolves:CanadaYes
69%
feature more movies:IndiaYes
68%
have more Spanish speakers:ArgentinaYes
67%
have more cathedrals:ItalyYes
66%
have more Spanish speakers:ColombiaYes
65%
have more wolves:UzbekistanNo
65%
have more international tourists:ChinaNo
64%
have more cathedrals:PhilippinesNo
63%
feature more movies:United KingdomNo
63%
feature more movies:JapanNo
62%
have more wolves:KyrgyzstanNo
62%
have more Anglicans:TanzaniaNo
62%
have more Anglicans:IndiaNo
61%
have more Anglicans:United KingdomYes
61%
have a higher obesity rate:NauruYes
60%
won more Olympic medals in alpine skiing:SwitzerlandYes
60%
won more Olympic medals in alpine skiing:AustriaYes
59%
have more international tourists:JapanNo
59%
have more Spanish speakers:PeruNo
58%
won more Olympic medals in alpine skiing:SwedenNo
56%
have more Spanish speakers:VenezuelaNo
56%
have a higher obesity rate:SamoaYes
55%
have more wolves:ChinaNo
54%
have more cathedrals:MexicoNo
54%
have more Anglicans:New ZealandNo
53%
have a more eastern point:RussiaYes
53%
have more international tourists:United KingdomNo
53%
have a more eastern point:NauruNo
52%
have a higher obesity rate:PalauYes
52%
have more Anglicans:CanadaNo
51%
have a higher obesity rate:TongaYes
51%
have more wolves:KazakhstanYes
49%
have a more eastern point:Papua New GuineaNo
49%
have more cathedrals:PolandNo
49%
feature more movies:ChinaNo
48%
have more international tourists:SpainYes
48%
have a higher obesity rate:TuvaluYes
47%
have a more eastern point:VanuatuNo
47%
have a more eastern point:AustraliaNo
46%
won more Olympic medals in alpine skiing:CanadaNo
46%
have a higher obesity rate:F.S. MicronesiaYes
44%
have a higher obesity rate:Marshall IslandsYes
40%
have a more eastern point:New ZealandNo
38%
have a more eastern point:FijiYes
37%
have more wolves:MongoliaYes
37%
have more cathedrals:BrazilYes
35%
have a higher obesity rate:KiribatiYes
35%
feature more movies:NigeriaYes
35%
have more Anglicans:AustraliaYes
32%
have more Spanish speakers:SpainNo
32%
have a more eastern point:TuvaluYes
31%
have more international tourists:ItalyNo
29%
have a more eastern point:KiribatiNo
29%
have more Anglicans:NigeriaYes
29%
won more Olympic medals in alpine skiing:FranceYes
28%
have a higher obesity rate:KuwaitYes
28%
have more cathedrals:SpainNo
24%
have more cathedrals:FranceNo
21%
have more Anglicans:KenyaYes
20%
won more Olympic medals in alpine skiing:NorwayNo
19%
have more Anglicans:UgandaYes
14%

Score Distribution

Percentile by Number Answered

Percent of People with Each Score

Your Score History

You have not taken this quiz